• 首页
  • 本馆介绍
  • 公告通知
  • 最新文献
  • 馆藏检索
  • 电子资源
  • 读者导购
  • 参考咨询
  • 我的图书馆
  • 登录
  • 详细信息显示
  • 放入我的书架
  • 预约/预借图书
  • 作者相关作品
  • 分类相关作品
  • 丛书相关作品
  • 出版社相关作品

书目信息

  • 表格格式
  • 工作单格式
  • 卡片格式
题名:
语文
    
 
作者: ;人民教育出版社语文一室 编著
分册: 第三册   教案
出版信息: 北京   人民教育出版社  1994.6
页数: 180页
开本: 26cm
丛书名: 九年义务教育教材(人教版)教案系列丛书
单 册:
中图分类: G633.3
科图分类: 38.7341
主题词: 语文-教案(教育)--初中 , 教案(教育)-语文--初中
电子资源:
ISBN: 7-5437-1829-4
000 00978nam2 2200289 45
001 0194035933
005 20070611091041.92
010    @a7-5437-1829-4@dCNY11.50
100    @a19940729d1994 em y0chiy0121 ea
101 0  @achi
102    @aCN@b110000
105    @ay z 000yy
200 10 @a语文@Ayu wen@h第三册@i教案@f人民教育出版社语文一室编著@FREN MIN JIAO YU CHU BAN SHE YU WEN YI SHI BIAN ZHU
205    @a2版
210    @a北京@c人民教育出版社@a延吉@c东北朝鲜民族教育出版社@d1994.6@h1999
215    @a180页@d26cm
225 2  @a九年义务教育教材(人教版)教案系列丛书
300    @a九年义务教育三年制初级中学
410  0 @120010@a九年义务教育教材(人教版)教案系列丛书
517 1  @a教案@Ajiao an
606    @a语文-教案(教育)@x初中
606    @a教案(教育)-语文@x初中
690    @aG633.3@v三版
692    @a38.7341
711 02 @a人民教育出版社语文一室@AREN MIN JIAO YU CHU BAN SHE YU WEN YI SHI@4编著
801  0 @aCN@bTSSF@c20070611
905    @a10447@dG633.3@e508:3=2
    
    语文.第三册.教案/人民教育出版社语文一室编著.-2版.-北京:人民教育出版社;延吉:东北朝鲜民族教育出版社,1994.6(1999)
    180页;26cm.-(九年义务教育教材(人教版)教案系列丛书)
    九年义务教育三年制初级中学
    
    ISBN 7-5437-1829-4:CNY11.50
    
●
相关链接 在E读中查询图书 在五车中查询图书 在当当中查询图书 在豆瓣中查询图书


正题名:语文     索取号:G633.3/508:3=2         预约/预借

序号 登录号 条形码 馆藏地/架位号 状态 备注
1 0517848   205178485   第一样本阅览室/ [索取号:G633.3/508:3=2] 在馆    
2 0517849   205178494   密集书库/ [索取号:G633.3/508:3=2] 在馆    
唐山师范学院图书馆 欢迎您!
大连网信软件有限公司© 版权所有